<?xml version="1.0" encoding="UTF-8"?>
<record
    xmlns:xsi="http://www.w3.org/2001/XMLSchema-instance"
    xsi:schemaLocation="http://www.loc.gov/MARC21/slim http://www.loc.gov/standards/marcxml/schema/MARC21slim.xsd"
    xmlns="http://www.loc.gov/MARC21/slim">

  <leader>01946nam a22002057a 4500</leader>
  <controlfield tag="003">OSt</controlfield>
  <controlfield tag="005">20260327091958.0</controlfield>
  <controlfield tag="008">260327b        |||||||| |||| 00| 0 esp d</controlfield>
  <datafield tag="082" ind1=" " ind2=" ">
    <subfield code="2">9789942203762</subfield>
  </datafield>
  <datafield tag="100" ind1=" " ind2=" ">
    <subfield code="a"> Lourdes Monserrath Ponce Naranjo e Ivonne Eulalia Ponce Naranjo.</subfield>
  </datafield>
  <datafield tag="245" ind1=" " ind2=" ">
    <subfield code="a">Gu&#xED;a para la elaboraci&#xF3;n de proyectos productivos y planes de negocio</subfield>
  </datafield>
  <datafield tag="250" ind1=" " ind2=" ">
    <subfield code="a">1ra edici&#xF3;n </subfield>
  </datafield>
  <datafield tag="260" ind1=" " ind2=" ">
    <subfield code="a">Ecuador</subfield>
    <subfield code="b">Freire (Riobamba, Ecuador).</subfield>
    <subfield code="c">2014</subfield>
  </datafield>
  <datafield tag="300" ind1=" " ind2=" ">
    <subfield code="a"> 136 p&#xE1;ginas</subfield>
    <subfield code="c">21 x 15 cm</subfield>
  </datafield>
  <datafield tag="490" ind1=" " ind2=" ">
    <subfield code="3">bond blanco de 75g o 90g</subfield>
  </datafield>
  <datafield tag="520" ind1=" " ind2=" ">
    <subfield code="a">. Teor&#xED;a General de Proyectos
En la primera parte, las autoras introducen los conceptos fundamentales de la administraci&#xF3;n de proyectos. Se explica qu&#xE9; es un proyecto productivo, su importancia en el desarrollo econ&#xF3;mico local y c&#xF3;mo identificar oportunidades de inversi&#xF3;n que generen beneficios o rentabilidades espec&#xED;ficas. 
Ministerio de Educaci&#xF3;n, Deporte y Cultura
Ministerio de Educaci&#xF3;n, Deporte y Cultura
 +2
2. Metodolog&#xED;a para el Plan de Negocio
La segunda parte es un manual paso a paso para estructurar un documento formal que sirva de "mapa" para la empresa. El contenido suele cubrir las siguientes &#xE1;reas cr&#xED;ticas: 
Amazon.com.mx
Amazon.com.mx
An&#xE1;lisis de Mercado: T&#xE9;cnicas para estudiar a los consumidores, la competencia y definir la demanda del producto o servicio.
Estudio T&#xE9;cnico y Organizativo: Definici&#xF3;n de procesos operativos, recursos necesarios (humanos y t&#xE9;cnicos) y la estructura legal del negocio.
Estrategia Comercial: Dise&#xF1;o de planes de marketing y ventas para posicionar la marca.
Evaluaci&#xF3;n Financiera: Proyecciones de ingresos, gastos y determinaci&#xF3;n de la viabilidad econ&#xF3;mica del emprendimiento</subfield>
  </datafield>
  <datafield tag="650" ind1=" " ind2=" ">
    <subfield code="a">T&#xE9;rmino tem&#xE1;tico o Nombre geogr&#xE1;fico</subfield>
    <subfield code="x"> Metodolog&#xED;a, Manuales, Administraci&#xF3;n o Estudio de casos</subfield>
    <subfield code="y">Siglo XXI o 2014</subfield>
  </datafield>
  <datafield tag="700" ind1=" " ind2=" ">
    <subfield code="a">Lourdes Monserrath Ponce Naranjo e Ivonne Eulalia Ponce Naranjo.</subfield>
  </datafield>
  <datafield tag="942" ind1=" " ind2=" ">
    <subfield code="2">ddc</subfield>
    <subfield code="c">BK</subfield>
    <subfield code="n">0</subfield>
  </datafield>
  <datafield tag="952" ind1=" " ind2=" ">
    <subfield code="0">0</subfield>
    <subfield code="1">0</subfield>
    <subfield code="2">ddc</subfield>
    <subfield code="4">0</subfield>
    <subfield code="7">0</subfield>
    <subfield code="8">F02</subfield>
    <subfield code="a">ISUS</subfield>
    <subfield code="b">ISUS</subfield>
    <subfield code="c">Biblioteca Abierta</subfield>
    <subfield code="d">2026-03-27</subfield>
    <subfield code="e">LECTURA</subfield>
    <subfield code="f">0458</subfield>
    <subfield code="i">0458</subfield>
    <subfield code="l">4</subfield>
    <subfield code="m">1</subfield>
    <subfield code="o">LECTURA</subfield>
    <subfield code="p">BIBLIO0458</subfield>
    <subfield code="r">2026-04-01 09:33:55</subfield>
    <subfield code="s">2026-04-01</subfield>
    <subfield code="t">1</subfield>
    <subfield code="w">2026-03-27</subfield>
    <subfield code="y">BK</subfield>
  </datafield>
  <datafield tag="999" ind1=" " ind2=" ">
    <subfield code="c">2030</subfield>
    <subfield code="d">2030</subfield>
  </datafield>
</record>
